Role of oriental studies in humanities (Record no. 1057644)

MARC details
000 -LEADER
fixed length control field 00703nam a2200241Ia 4500
003 - CONTROL NUMBER IDENTIFIER
control field OSt
005 - DATE AND TIME OF LATEST TRANSACTION
control field 20221005130545.0
008 - FIXED-LENGTH DATA ELEMENTS--GENERAL INFORMATION
fixed length control field 221004b |||||||| |||| 00| 0 eng d
037 ## - SOURCE OF ACQUISITION
Terms of availability Textual
040 ## - CATALOGING SOURCE
Original cataloging agency CRL
Transcribing agency CRL
Language of cataloging eng
041 ## - LANGUAGE CODE
Source of code eng
Language code of text/sound track or separate title eng
110 ## - MAIN ENTRY--CORPORATE NAME
Corporate name or jurisdiction name as entry element International Congress of Orientalists, 26. 1964 (New Delhi)
245 #0 - TITLE STATEMENT
Title Role of oriental studies in humanities
Remainder of title A symposium.
260 ## - PUBLICATION, DISTRIBUTION, ETC.
Date of publication, distribution, etc. 1964
300 ## - PHYSICAL DESCRIPTION
Extent 56p
Dimensions cm.
700 ## - ADDED ENTRY--PERSONAL NAME
Personal name International Congress of Orientalists, 26. 1964 (New Delhi)
942 ## - ADDED ENTRY ELEMENTS (KOHA)
Classification part 904p1:N64, K41-;1
Koha item type Textual
Source of classification or shelving scheme
Holdings
Withdrawn status Lost status Damaged status Not for loan Home library Current library Date acquired Total Checkouts Full call number Barcode Date last seen Price effective from Koha item type
        Central Library Central Library 2022-10-05   904p1:N64 K41-;1 CL0203628 2022-10-05 2022-10-05 Textual
Copyright @ Delhi University Library System